| 000 | 00614nam a2200229 a 4500 | ||
|---|---|---|---|
| 005 | 20140310183424.0 | ||
| 008 | 070925s19uu xx 00 eng d | ||
| 020 | _a9780471692386 | ||
| 050 |
_aRC 454 _b.Ab153 2007 |
||
| 245 | _aAbnormal Psychology / | ||
| 250 | _a10th ed. | ||
| 260 |
_aU.S.A : _bJohn Wiley and Sons, _c2007. |
||
| 300 |
_aS-16, 601 p. : _bcol. ill. ; _c28 cm. |
||
| 521 | _aPSYCH | ||
| 650 | _aPsychology, Pathological. | ||
| 650 | _aPsychiatry. | ||
| 700 | _aDavison, Gerald C. | ||
| 700 | _aNeale, John M. | ||
| 700 | _aJohnson, Sheri L. | ||
| 942 |
_cBK _2lcc _kFOR |
||
| 999 |
_c22621 _d22621 |
||